El pensamiento religioso de los antiguos mayas /
Zapisane w:
| 1. autor: | |
|---|---|
| Format: | Książka |
| Język: | hiszpański |
| Wydane: |
Madrid, España :
Trotta,
2006, c2006
|
| Seria: | (Paradigmas. Biblioteca de Ciencias de las Religiones ;
40) |
| Hasła przedmiotowe: | |
| Etykiety: |
Nie ma etykietki, Dołącz pierwszą etykiete!
|
MARC
| LEADER | 00000nam^a2200000^a^4500 | ||
|---|---|---|---|
| 001 | 000380864 | ||
| 005 | 20250521000000.0 | ||
| 009 | 20260310120624.857 | ||
| 020 | |a 978-84-8164-871-3 | ||
| 037 | |a Acervo Xavier Clavigero | ||
| 041 | |a ESP | ||
| 082 | |a 972. 01 |b RIV | ||
| 100 | |a Rivera Dorado, Miguel |e (autor) | ||
| 245 | 1 | 3 | |a El pensamiento religioso de los antiguos mayas / |c M. Rivera Dorado. |
| 264 | 4 | |a Madrid, España : |b Trotta, |c 2006, c2006 | |
| 300 | |a 279 p. | ||
| 336 | |a texto |b txt |2 rdacontenido | ||
| 337 | |a sin mediación |b n |2 rdamedio | ||
| 338 | |a volumen |b nc |2 rdasoporte | ||
| 440 | 1 | |a (Paradigmas. |p Biblioteca de Ciencias de las Religiones ; |v 40) | |
| 649 | |a XX | ||
| 650 | |a Mayas - |x Historia - |x Tema Principal | ||
| 650 | |a Indígenas de América Central - |x Historia | ||
| 650 | |a Indígenas de México - |x Historia | ||
| 650 | |a Cosmovisión - |z México - |x Historia - |y Epoca Prehispánica | ||
| 650 | |a Cosmovisión - |z América Central - |x Historia - |y Epoca Prehispánica | ||
| 650 | |a Mitología Maya - |x Historia y Crítica | ||
| 650 | |a Arte Maya - |x Historia y Crítica | ||
| 650 | |a Religión - |z México - |x Historia - |y Epoca Prehispánica - |x Tema Principal | ||
| 650 | |a Guatemala - |x Historia - |y Epoca Prehispánica | ||
| 650 | |a México - |x Historia - |y Epoca Prehispánica | ||
| 910 | |a Fondo General | ||
| 920 | |a Impresos - Libros | ||
| 930 | |a Colección General | ||
| 905 | |a 101 | ||
| 901 | |a 0500275754 |b IT1 |c ACC |i FXC C1408 |u 20250521 | ||
| 902 | |a https://opac.biblio.iteso.mx/vufind/Record/000380864 | ||